Organizacion del sistema de acopio de plata de la C.C.S.S

Guardat en:
Dades bibliogràfiques
Autor principal: Porras Pacheco, Jorge
Altres autors: Rojas Mora, Walter
Format: Llibre
Publicat: [San José , Costa Rica] 1986
Matèries:
Etiquetes: Afegir etiqueta
Sense etiquetes, Sigues el primer a etiquetar aquest registre!

MARC

LEADER 00000nam a2200000Ia 4500
003 004000
005 20221231144356.0
008 140114s1986 cr a m 000 ||s d
040 |c cru CEDI 
090 |a TFG 1804 
100 |a Porras Pacheco, Jorge  |9 14232 
245 |a Organizacion del sistema de acopio de plata de la C.C.S.S 
260 |c 1986  |a [San José , Costa Rica] 
300 |a  139 hojas : ilustraciones (1 plegables)  
500 |a  Tesis (licenciatura en ingeniería industrial)--Universidad de Costa Rica. Facultad de Ingeniería. Escuela de Ingeniería Industrial 
650 |x PLATA - INVESTIGACIONES  |9 14234 
700 |9 14233  |a Rojas Mora, Walter 
942 |c TFG 
999 |c 20950  |d 20950